[Event "Mumbai SMCA op 1st"]
[Site "Mumbai"]
[Date "2024.10.12"]
[Round "2"]
[White "Watarkar, Yash"]
[Black "Medhansh, Dinesh Poojary"]
[Result "1-0"]
[WhiteElo "1963"]
[BlackElo "1498"]
[PlyCount "63"]
[EventDate "2024.10.11"]
[EventType "swiss"]
[EventRounds "8"]
[EventCountry "IND"]
[SourceTitle "CB43_2024"]
[Source "Chessbase"]
[SourceDate "2024.10.23"]
[SourceVersion "1"]
[SourceVersionDate "2024.10.23"]
[SourceQuality "1"]

1. c4 Nf6 2. Nc3 e6 3. e4 d6 4. d4 Nbd7 5. f4 g6 6. Nf3 Nb6 7. Bd3 d5 8. cxd5 exd5 9. e5 Nh5 10. 0-0 Ng7 11. Be3 c6 12. Bf2 Ne6 13. Ne2 Ng7 14. Kh1 Bf5 15. Bxf5 Nxf5 16. Ng3 Nxg3+ 17. Bxg3 Nc4 18. Qe2 Qd7 19. b3 Nb6 20. Bh4 Be7 21. Bf6 Rg8 22. f5 0-0-0 23. e6 fxe6 24. fxe6 Qd6 25. Ng5 Bxf6 26. Rxf6 Kb8 27. Nf7 Qe7 28. Qe5+ Ka8 29. Nxd8 Rxd8 30. Rf7 Qe8 31. Raf1 a6 32. Qc7 1-0